Güneydoğu anadolu bölgesi'nde yoksulluğun etkisini hafifletme uygulamaları: bir değerlendirme (Record no. 6417)

MARC details
000 -BAŞLIK
Sabit Uzunlukta Kontrol Alanı 00815na a2200229 4500
001 - KONTROL NUMARASI
Denetim Alanı 17497
003 - KONTROL NUMARASI IDENTIFIER
Denetim Alanı MIRAKIL
005 - SON İŞLEM TARİHİ VE ZAMANI
Denetim Alanı 20181213155107.0
008 - SABİT-BOY VERİ ELEMANLARI - GENEL BİLGİLER
Sabit Uzunlukta Kontrol Alanı 161025b tu 000 0
035 ## - SİSTEM KONTROL NUMARASI
Sistem Kontrol Numarası 17497
040 ## - KATALOGLAMA KAYNAK
Orijinal Kataloglama Ajansı Milas
Kataloglama Dili tur
Metne Dönüştürmek Ajansı TR-AnCHP
041 ## - DİL KODU
Metin / Ses Parça Veya Ayrı Başlığın Dil Kodu tur
-- eng
082 ## - DEWEY ONLU SINIFLANDIRMA NUMARASI
Sınıflandırma Numarası 362.5
Ürün Numarası G95 2004
090 ## - SINIFLAMA NUMARASI
Sınıflama Numarası 362.5 G95 2004
245 ## - BAŞLIK TABLOSU
Başlık Güneydoğu anadolu bölgesi'nde yoksulluğun etkisini hafifletme uygulamaları: bir değerlendirme
Sorumluluk Tablosu, Vb Türk Sosyal Bilimler Derneği
260 ## - YAYIN, DAĞITIM, VB
Yayın, Dağıtım, Vb Yeri Ankara
Yayıncı, Dağıtıcı, Vs Adı Türk Sosyal Bilimler Derneği
Yayın, Dağıtım, Vb Tarihi 2004
300 ## - FİZİKSEL TANIM
Kapsam 53 s.
Boyutlar 28 sm.
500 ## - GENEL NOT
Genel Not Türk Sosyal Bilimler Derneği tarafından Birleşmiş Milletler Kalkınma Programı için hazırlanan proje raporu
504 ## - KAYNAKÇA VB NOT
Kaynakça Vb Notu Kaynakça var.
651 ## - KONU KATMA GİRİŞ - COĞRAFİ ADI
Coğrafi İsim Türkiye
Genel Alt Bölümü Yoksulluk
Kronolojik Alt Bölümü Raporlar
Coğrafi Alt Bölümü Güneydoğu Anadolu
942 ## - EKLENDİ GİRİŞ ELEMANLARI (KOHA)
Sınıflandırma Veya Raf Düzeni Kaynak
Koha Öğesi Türü Books
999 ## - SİSTEM KONTROL NUMARALARI (KOHA)
Koha Biblionumber 6417
Koha Biblioitemnumber 6417
Holdings
Kalıcı Konum Mevcut Konum Edinme Tarihi Edinim Kaynak Toplam Check-Out'Lar Tam Çağrı Numarası Barkod Tarih Son Görülme İtibaren Geçerli Fiyatlar Koha Öğesi Türü
CHP Kütüphanesi CHP Kütüphanesi 10/25/2016 Bağış   362.5 G95 2004 007185 10/25/2016 10/25/2016 Books